000 00722nam a22002532 4500
001 16858
003 BD-RjUL
005 20211209000047.0
008 140215s1979 enka 000 0 eng d
020 _a0091397812 (pbk)
035 _a(BD-RjUL)16913
040 _aUKM
_cUKM
_dEQO
_dBD-RjUL
_beng
041 _aeng
082 0 _a692.3
_219
_bWOS 1979
100 1 _aWood, Adrian,
_d1946-.
_952052
245 1 0 _aSMM6 :
_ba practical guide /
_cAdrian Wood and David Jaggar.
260 _aLondon :
_bHutchinson,
_cc1979.
300 _a[6], 105 p. :
_bill. ;
_c24 cm.
650 0 _aBuilding
_xEstimates
_zGreat Britain.
_952053
700 1 _aJaggar, David.
_952054
942 _2ddc
_cBK
999 _c16858
_d16858